000 00475nam a2200169 i 4500
001 90496
003 ES-MaACL
005 20260504131005.0
007 t|
008 050121s1905 fr ||||1| fre d
100 1 _aLe Breton, André-François
_9128771
245 1 0 _aBalzac
_b: l'homme et l'oeuvre /
_cAndré Le Breton.
260 _a[S.l. :
_bs.n.,
_c1905] (
_eCoulommiers :
_fP. Brodard)
300 _a294 p. ;
_c18 cm.
852 _aES-MaACL
_jF-4757
999 _c90496
_d90496